Statistics for Universities of Ireland

Click here to take the quiz!

General Stats

  • This quiz has been taken 298 times
  • The average score is 4 of 9

Answer Stats

EstablishedAnswer% Correct
1592Trinity College Dublin
87%
1972University of Limerick
69%
1854University College Dublin
56%
1845University College Cork
43%
1975Dublin City University
33%
1795Maynooth University
30%
1845National University of Ireland, Galway
28%
2019Technological University Dublin
15%
2021Munster Technological University
12%

Score Distribution

Percentile by Number Answered

Percent of People with Each Score

Your Score History

You have not taken this quiz